Normal view
MARC view
- Baldacci, David.
Entry Personal Name
001 - CONTROL NUMBER
- control field: 6689
003 - CONTROL NUMBER IDENTIFIER
- control field: NUST
005 - DATE AND TIME OF LATEST TRANSACTION
- control field: 20171123094053.0
008 - FIXED-LENGTH DATA ELEMENTS
- fixed length control field: 171123|| aca||aabn | a|a d
040 ## - CATALOGING SOURCE
- Original cataloging agency: NUST
- Transcribing agency: NUST
100 ## - HEADING--PERSONAL NAME
- Personal name: Baldacci, David.
670 ## - SOURCE DATA FOUND
- Source citation: Work cat.: (NUST)0: Baldacci, David., The hit /
